| 000 | 00694nam a2200229Ia 4500 | ||
|---|---|---|---|
| 003 | OSt | ||
| 005 | 20220107122741.0 | ||
| 008 | 130318s9999 xx 000 0 und d | ||
| 020 | _a9788126527229 | ||
| 040 | _cIIITM-K | ||
| 082 | _a005.276 BER/G;1 | ||
| 245 |
_aGrid computing: _bMaking the global infrastructure a reality _cedited by Fran Berman; Geoffrey C Fox; Anthony J.G Hey |
||
| 260 |
_bWiley, _aNew Delhi, _c2003. |
||
| 300 | _axlvi, 1012p. | ||
| 650 |
_aCOMPUTER SCIENCE _94552 |
||
| 650 |
_aGRID COMPUTING _94553 |
||
| 650 |
_aCOMPUTATIONAL GRID _94554 |
||
| 700 |
_aBerman, Fran _94555 |
||
| 700 |
_aFox, Geoffrey C _94556 |
||
| 700 |
_aHey, Anthony J.G _94557 |
||
| 942 |
_2ddc _cBK |
||
| 999 |
_c3963 _d3963 |
||